<?xml version="1.0" encoding="UTF-8"?>
<record
    xmlns:xsi="http://www.w3.org/2001/XMLSchema-instance"
    xsi:schemaLocation="http://www.loc.gov/MARC21/slim http://www.loc.gov/standards/marcxml/schema/MARC21slim.xsd"
    xmlns="http://www.loc.gov/MARC21/slim">

  <leader>01240nam a2200265 a 4500</leader>
  <controlfield tag="001">BRCA_8959</controlfield>
  <controlfield tag="005">20190320210455.0</controlfield>
  <controlfield tag="008">050717s1774----sp-#######---#000-0#spa-#</controlfield>
  <datafield tag="041" ind1=" " ind2=" ">
    <subfield code="a">spa</subfield>
  </datafield>
  <datafield tag="044" ind1=" " ind2=" ">
    <subfield code="a">sp</subfield>
  </datafield>
  <datafield tag="084" ind1=" " ind2=" ">
    <subfield code="a">BE148</subfield>
    <subfield code="b">.F54 1774</subfield>
  </datafield>
  <datafield tag="100" ind1="1" ind2=" ">
    <subfield code="a">Flecher, Espiritu</subfield>
    <subfield code="9">21901</subfield>
  </datafield>
  <datafield tag="245" ind1="1" ind2="0">
    <subfield code="a">Sermones morales</subfield>
    <subfield code="c">predicados delante del rey por el Ilmo. Se&#xF1;or Espiritu Flecher, Obispo de Nimes, con sus discursos sinodales, y otros sermones predicados en la Apertura de los Estados de Lenguadoc, y en su cCatedrla; traducidos del franc&#xE9;s al espa&#xF1;ol por Don Juan Arribas y Soria...</subfield>
  </datafield>
  <datafield tag="260" ind1=" " ind2=" ">
    <subfield code="a">Madrid</subfield>
    <subfield code="b">En la oficina de la Viuda de Manuel Fern&#xE1;ndez</subfield>
    <subfield code="c">1774</subfield>
  </datafield>
  <datafield tag="300" ind1=" " ind2=" ">
    <subfield code="a">[2], 302 p. (t.6)</subfield>
    <subfield code="c">21 x 14.5 cm</subfield>
  </datafield>
  <datafield tag="500" ind1=" " ind2=" ">
    <subfield code="a">Con privilegio para seis tomos</subfield>
  </datafield>
  <datafield tag="500" ind1=" " ind2=" ">
    <subfield code="a">En portada: Se hallar&#xE1; en la Librer&#xED;a de Manuel de Godos, en las Gradas de San Phelipe el Real</subfield>
  </datafield>
  <datafield tag="500" ind1=" " ind2=" ">
    <subfield code="a">Estado f&#xED;sico: presenta encuadernaci&#xF3;n en pergamino con presencia del pez de plata</subfield>
  </datafield>
  <datafield tag="505" ind1="0" ind2=" ">
    <subfield code="a">Contiene: Tomo II. de los morales, y VI. de la obra</subfield>
  </datafield>
  <datafield tag="650" ind1="1" ind2="4">
    <subfield code="a">Sermones</subfield>
    <subfield code="y">Obras anteriores a 1800</subfield>
    <subfield code="9">21369</subfield>
  </datafield>
  <datafield tag="700" ind1="1" ind2=" ">
    <subfield code="a">Arribas y Soria, Juan de</subfield>
    <subfield code="e">tr.</subfield>
    <subfield code="9">22258</subfield>
  </datafield>
  <datafield tag="700" ind1="1" ind2=" ">
    <subfield code="a">Fern&#xE1;ndez, Manuel</subfield>
    <subfield code="c">Viuda</subfield>
    <subfield code="e">Impresor</subfield>
    <subfield code="9">22259</subfield>
  </datafield>
  <datafield tag="902" ind1=" " ind2=" ">
    <subfield code="a">CFM</subfield>
  </datafield>
  <datafield tag="942" ind1=" " ind2=" ">
    <subfield code="2">lcc</subfield>
    <subfield code="c">B</subfield>
  </datafield>
  <datafield tag="999" ind1=" " ind2=" ">
    <subfield code="c">8610</subfield>
    <subfield code="d">8610</subfield>
  </datafield>
  <datafield tag="952" ind1=" " ind2=" ">
    <subfield code="0">0</subfield>
    <subfield code="1">0</subfield>
    <subfield code="4">0</subfield>
    <subfield code="7">0</subfield>
    <subfield code="a">BRCA</subfield>
    <subfield code="b">BRCA</subfield>
    <subfield code="d">2017-07-05</subfield>
    <subfield code="l">0</subfield>
    <subfield code="o">BE148 .F54 1774</subfield>
    <subfield code="p">CFM00368</subfield>
    <subfield code="r">2019-03-22 00:00:00</subfield>
    <subfield code="w">2019-03-22</subfield>
    <subfield code="y">B</subfield>
  </datafield>
</record>
